[Event "New Delhi op 20th"]
[Site "New Delhi"]
[Date "2023.03.23"]
[Round "1"]
[White "Murzin, Volodar"]
[Black "Subramanian, TV."]
[Result "1-0"]
[WhiteElo "2554"]
[BlackElo "1227"]
[PlyCount "63"]
[EventDate "2023.03.23"]
[EventType "swiss"]
[EventRounds "10"]
[EventCountry "IND"]
[SourceTitle "CBM 213 Extra"]
[Source "ChessBase"]
[SourceDate "2023.05.31"]
[SourceVersion "1"]
[SourceVersionDate "2023.05.31"]
[SourceQuality "1"]

1. Nf3 d5 2. g3 Nf6 3. Bg2 Nbd7 4. d4 c6 5. 0-0 h5 6. Nc3 b5 7. a3 Bb7 8. h4 e6 9. Bf4 Be7 10. Ng5 Nh7 11. Nxh7 Rxh7 12. e4 Nf6 13. exd5 exd5 14. Re1 Kf8 15. Bg5 Kg8 16. Ne2 Ne4 17. Bxe7 Qxe7 18. Nf4 Qd7 19. Bxe4 dxe4 20. Rxe4 c5 21. d5 g6 22. Qe2 Rg7 23. Re7 Qc8 24. Qe5 Qb8 25. Qf6 Rh7 26. Rae1 Qd8 27. Qg5 Rb8 28. Rxb7 Qxg5 29. Rxb8+ Kg7 30. hxg5 h4 31. Re7 hxg3 32. Ne6# 1-0

[Event "Udaipur Lakecity op 3rd"]
[Site "Udaipur"]
[Date "2019.03.28"]
[Round "1"]
[White "Himanshu, Ranjan"]
[Black "Subramanian, TV."]
[Result "1-0"]
[WhiteElo "1984"]
[BlackElo "1222"]
[PlyCount "83"]
[EventDate "2019.03.28"]
[EventType "swiss"]
[EventRounds "8"]
[EventCountry "IND"]
[SourceTitle "CBM 189 Extra"]
[Source "ChessBase"]
[SourceDate "2019.06.03"]
[SourceVersion "1"]
[SourceVersionDate "2019.06.03"]
[SourceQuality "1"]

1. d4 Nf6 2. c4 g6 3. Nc3 d5 4. cxd5 Nxd5 5. e4 Nxc3 6. bxc3 c5 7. Bc4 Bg7 8. Ne2 0-0 9. 0-0 Nc6 10. Be3 Na5 11. Bd3 Bd7 12. Rc1 Rc8 13. Qd2 Re8 14. h3 c4 15. Bc2 b6 16. f4 e6 17. e5 Bc6 18. Kh2 Qe7 19. g4 Red8 20. Ng3 Qb7 21. Qf2 Bd5 22. f5 b5 23. Rb1 Qd7 24. Bg5 Re8 25. Qf4 a6 26. Bh6 Bxh6 27. Qxh6 Qe7 28. Nh5 f6 29. Nxf6+ Kh8 30. Nxe8 Rxe8 31. fxg6 Qg7 32. Qxg7+ Kxg7 33. Rf7+ Kg8 34. Rxh7 Nc6 35. a3 Nd8 36. Rf1 a5 37. h4 Bc6 38. h5 b4 39. axb4 a4 40. Ra7 Bb5 41. h6 Nc6 42. h7+ 1-0

[Event "Sivakasi op 4th"]
[Site "Sivakasi"]
[Date "2018.04.21"]
[Round "2"]
[White "Kunal, M."]
[Black "Subramanian, TV."]
[Result "1-0"]
[WhiteElo "2307"]
[BlackElo "1390"]
[PlyCount "29"]
[EventDate "2018.04.21"]
[EventType "swiss"]
[EventRounds "8"]
[EventCountry "IND"]
[SourceTitle "CBM 184 Extra"]
[Source "ChessBase"]
[SourceDate "2018.06.28"]
[SourceVersion "1"]
[SourceVersionDate "2018.06.28"]
[SourceQuality "1"]

1. e4 c5 2. Nf3 e6 3. d4 cxd4 4. Nxd4 a6 5. Be2 Nf6 6. Nc3 Nc6 7. Nxc6 bxc6 8. e5 Nd5 9. Ne4 Qc7 10. f4 Qb6 11. Bd3 c5 12. c4 Nb4 13. Bb1 Bb7 14. 0-0 g6 15. Nf6+ 1-0

[Event "Gurgon op 1st"]
[Site "Gurgon"]
[Date "2009.01.21"]
[Round "1"]
[White "Subramanian, TV."]
[Black "Konguvel, Ponnuswamy"]
[Result "0-1"]
[WhiteElo "1895"]
[BlackElo "2462"]
[PlyCount "118"]
[EventDate "2009.01.21"]
[EventType "swiss"]
[EventRounds "10"]
[EventCountry "IND"]
[SourceTitle "CBM 128 Extra"]
[Source "ChessBase"]
[SourceDate "2009.03.05"]
[SourceVersion "2"]
[SourceVersionDate "2009.03.25"]
[SourceQuality "1"]

1. e4 c5 2. Nf3 d6 3. d4 cxd4 4. Nxd4 Nf6 5. Nc3 a6 6. Bc4 e6 7. Bb3 Nbd7 8. Be3 Nc5 9. f3 b5 10. Qd2 Qc7 11. a3 Rb8 12. 0-0 Be7 13. Ba2 0-0 14. b4 Ncd7 15. Bxe6 fxe6 16. Nxe6 Qc4 17. Nxf8 Bxf8 18. Rfd1 Bb7 19. Ne2 Re8 20. Ng3 d5 21. exd5 Nxd5 22. Bd4 N7f6 23. c3 Bd6 24. Re1 Rd8 25. Nf5 Bf4 26. Qe2 Qxe2 27. Rxe2 g6 28. Ne7+ Kf7 29. Nxd5 Bxd5 30. Rae1 Bd6 31. g3 Bc4 32. Rf2 Nd5 33. f4 Ne7 34. g4 Nc6 35. Be5 Bxe5 36. fxe5+ Ke7 37. Rf3 Rd2 38. Rh3 Ke6 39. Rxh7 Nxe5 40. Rh8 Kf6 41. Rh3 Be2 42. Ra1 Bxg4 43. Rh6 Nf3+ 44. Kf1 Ng5 45. Rh4 Bh3+ 46. Rxh3 Nxh3 47. Rc1 Rxh2 48. Rd1 Rh1+ 49. Ke2 Nf4+ 50. Kd2 Rxd1+ 51. Kxd1 Ke6 52. Kd2 Ke5 53. c4 bxc4 54. Kc3 Ke4 55. a4 Ne2+ 56. Kd2 Nd4 57. Kc3 g5 58. b5 axb5 59. a5 Nc6 0-1